00257nam a2200109Ia 4500008004100000245002000041245002300061260001500084300002000099300001400119300001400133160319s9999 xx 000 0 und d aRyan Cayabyab:  bThe Silver album / bBMG Music. a1 sound disc :  bdigital : c4 3/4 in.